|
|
|
|
| LEADER |
00000nam0a2200000 4500 |
| 001 |
363986 |
| 005 |
20231102011637.0 |
| 035 |
|
|
|a (RuTPU)RU\TPU\retro\21335
|
| 090 |
|
|
|a 363986
|
| 100 |
|
|
|a 20211021d1981 km y0rusy50 ca
|
| 101 |
0 |
|
|a rus
|
| 102 |
|
|
|a RU
|
| 105 |
|
|
|a a z 001zy
|
| 200 |
1 |
|
|a Химическая эволюция гидросферы
|f Е. В. Посохов
|g Академия наук СССР, Гидрохимический институт
|
| 210 |
|
|
|a Ленинград
|c Гидрометиздат
|d 1981
|
| 215 |
|
|
|a 286 с.
|c ил.
|
| 320 |
|
|
|a Библиогр.: с. 272-285
|
| 606 |
1 |
|
|a Гидросфера
|x Геохимическое действие
|2 stltpush
|3 (RuTPU)RU\TPU\subj\6801
|9 34596
|
| 606 |
1 |
|
|a Гидросфера
|2 stltpush
|3 (RuTPU)RU\TPU\subj\6800
|9 34595
|
| 610 |
1 |
|
|a химическая эволюция
|
| 610 |
1 |
|
|a происхождение
|
| 610 |
1 |
|
|a гидротермы
|
| 610 |
1 |
|
|a литосфера
|
| 610 |
1 |
|
|a атмосфера
|
| 610 |
1 |
|
|a биосфера
|
| 610 |
1 |
|
|a соленакопление
|
| 610 |
1 |
|
|a артезианские бассейны
|
| 610 |
1 |
|
|a археозой
|
| 610 |
1 |
|
|a кайнозой
|
| 675 |
|
|
|a 556
|v 4
|
| 675 |
|
|
|a 550.46
|v 4
|
| 700 |
|
1 |
|a Посохов
|b Е. В.
|g Ефим Васильевич
|
| 712 |
0 |
2 |
|a Академия наук СССР
|b Гидрохимический институт
|c (Новочеркасск/Ростов-на-Дону)
|c (1920-1991)
|2 stltpush
|3 (RuTPU)RU\TPU\col\13492
|9 25695
|
| 801 |
|
1 |
|a RU
|b 63413507
|c 20211021
|
| 942 |
|
|
|c BK
|